| 000 | 00613nam a2200205Ia 4500 | ||
|---|---|---|---|
| 008 | 140321s9999 xx 000 0 und d | ||
| 020 | _a9789814410816 | ||
| 050 |
_aHF 5584.4.M523 _b.Sm57 2012 |
||
| 100 | _aSmith, Gaylord N. | ||
| 245 |
_aExcel applications for accounting principles / _cGaylord N. Smith. |
||
| 250 | _a4th ed. | ||
| 260 |
_aPhilippines : _bCengage Learning, _cc2012. |
||
| 300 |
_a198 p. : _c26 cm. |
||
| 521 | _aBSA | ||
| 650 |
_aBusiness _xComputer programs. |
||
| 650 | _aElectronic spreadsheets. | ||
| 650 | _aMicrosoft Excel (Computer file). | ||
| 942 |
_kLOC _cBK |
||
| 999 |
_c48379 _d48379 |
||